| 000 | 00707nam a22001937a 4500 | ||
|---|---|---|---|
| 005 | 20180111105538.0 | ||
| 010 | _aUR-10015 | ||
| 020 |
_c200.00 _a- |
||
| 035 | _aU-8570 | ||
| 037 | _bDBAD/PUB | ||
| 100 | _aمر ا د سعید ی | ||
| 245 |
_aگد ستہ مر ا د _cمر ا د سعید ی |
||
| 246 |
_bGudasta -e-Murad _aby Murad Sayeedi |
||
| 260 |
_aRajisthan _bFareeduddin Khan,Fahim Uddin Khan _c2016 |
||
| 270 |
_aMurad Manzil, Mohallah Rajbun,Tonk, _bRajisthan _e- _k9549080577 _l- |
||
| 300 |
_a152 ص _c22 Cm.(B.b) |
||
| 500 | _aدو حصہ | ||
| 942 |
_2ddc _cUR _h844 _mمر ا د |
||
| 999 |
_c149084 _d149084 |
||